| 000 | 00483nam a2200181 a 4500 | ||
|---|---|---|---|
| 001 | 1774863791008 | ||
| 003 | YourLibrary | ||
| 005 | 20260330151548.0 | ||
| 008 | 260330s2015##################000#0#eng## | ||
| 020 | _a9781632422156 | ||
| 082 | 0 | 4 |
_a362.1 _bROH |
| 100 | 1 |
_aRohmer, Felix, _eauthor. |
|
| 245 | 1 | 0 | _aHandbook of Public Health: Volume II (Essential Topics) : |
| 260 | _c2015. | ||
| 650 | 0 | _aPublic health. | |
| 942 | _cENGLISH | ||
| 040 |
_aYourLibrary _beng _cYourLibrary |
||
| 999 |
_c618160 _d618160 |
||